Estudio técnico de la fermentación itacónica a partir de una fuente natural de azúcar

Bewaard in:
Bibliografische gegevens
Hoofdauteur: Mora Casal, René Alejandro
Formaat: Boek
Gepubliceerd in: San José, Costa Rica 1995
Onderwerpen:
Tags: Voeg label toe
Geen labels, Wees de eerste die dit record labelt!

MARC

LEADER 00000nam a2200000Ia 4500
003 007810
005 20221231144250.0
008 140114s1995 cr a m 000 ||s d
040 |c cru CEDI 
090 |a TFG 3382 
100 |a Mora Casal, René Alejandro  |9 10553 
245 |a Estudio técnico de la fermentación itacónica a partir de una fuente natural de azúcar 
260 |c 1995  |a San José, Costa Rica 
300 |a  131 hojas : ilustraciones  
500 |a  Proyecto de graduación (licenciatura en ingeniería química)--Universidad de Costa Rica. Facultad de Ingeniería. Escuela de Ingeniería Química 
650 |x ACIDO ITACONICO   |x FERMENTACION  |9 10554 
942 |c TFG 
999 |c 19310  |d 19310